[Event "A tournament for new players only"]
[Site "SchemingMind.com"]
[Date "2004.08.15"]
[Round "-"]
[White "arifattar"]
[Black "Gary"]
[Result "0-1"]
[WhiteCountry "IND"]
[BlackCountry "ENG"]
[WhiteElo "1335"]
[WhiteRD "114"]
[BlackElo "1711"]
[BlackRD "62"]
[GameID "2974"]

1. e4 c5 2. Nf3 d6 3. d4 cxd4 4. Nxd4 Nf6 5. Nc3 a6 6. Be3 Nc6 7. Nxc6 bxc6 8. f4 e6 9. Qf3 Bb7 10. O-O-O Be7
11. Bd3 O-O 12. g4 e5 13. Rhg1 exf4 14. Bxf4 Bc8 15. h3 Be6 16. h4 Nd7 17. e5 dxe5 18. Bh6 Nf6 19. Bxg7 Kxg7
0-1

[Event "A tournament for new players only"]
[Site "SchemingMind.com"]
[Date "2004.07.20"]
[Round "-"]
[White "Gary"]
[Black "arifattar"]
[Result "1-0"]
[WhiteCountry "ENG"]
[BlackCountry "IND"]
[WhiteElo "1634"]
[WhiteRD "62"]
[BlackElo "1386"]
[BlackRD "117"]
[GameID "2975"]

1. c4 Nf6 2. Nf3 g6 3. d4 d6 4. e3 Bg7 5. Bd3 O-O 6. O-O Bg4 7. Nbd2 e5 8. d5 Re8 9. e4 c6 10. h3 Bxh3
11. gxh3 h5 12. Kh2 Nbd7 13. Nb3 Rf8 14. Bg5 cxd5 15. cxd5 Rc8 16. Rc1 Qb6 17. Be3 Qd8 18. Bg5 Qb6 19. Rxc8 Rxc8 20. Qd2 Nh7
21. Be3 Qd8 22. Rc1 Rxc1 23. Qxc1 Nb6 24. Ng5 Nxg5 25. Bxg5 Bf6 26. Bxf6 Qxf6 27. Kg2 Kg7 28. Qe3 g5 29. Na5 Qe7 30. Nc4 Nxc4
31. Bxc4 b6 32. Qf3 Kh6 33. Qf5 Qc7 34. Qf6+ Kh7 35. Be2 Qc2 36. Qxf7+
1-0

[Event "A tournament for new players only"]
[Site "SchemingMind.com"]
[Date "2004.07.20"]
[Round "-"]
[White "lea_dc"]
[Black "Gary"]
[Result "1-0"]
[WhiteCountry "ARG"]
[BlackCountry "ENG"]
[WhiteElo "1656"]
[WhiteRD "103"]
[BlackElo "1606"]
[BlackRD "61"]
[GameID "2976"]

1. d4 d5 2. c4 c6 3. Nf3 Nf6 4. Nc3 Bg4 5. Ne5 Bf5 6. Qb3 Qc7 7. Bf4 Qb6 8. Qxb6 axb6 9. cxd5 cxd5 10. e3 Nc6
11. Bb5 Rc8 12. Ke2 e6 13. Rhc1 Be7 14. Na4 O-O 15. Nxb6 Rcd8 16. Nxc6 bxc6 17. Bxc6 h6 18. Bc7
1-0

[Event "A tournament for new players only"]
[Site "SchemingMind.com"]
[Date "2004.07.20"]
[Round "-"]
[White "lea_dc"]
[Black "arifattar"]
[Result "1-0"]
[WhiteCountry "ARG"]
[BlackCountry "IND"]
[WhiteElo "1656"]
[WhiteRD "103"]
[BlackElo "1377"]
[BlackRD "121"]
[GameID "2977"]

1. e4 c6 2. d4 d5 3. Nc3 dxe4 4. Nxe4 Bf5 5. Ng3 Bg6 6. h4 h6 7. h5 Bh7 8. Bd3 Bxd3 9. Qxd3 e6 10. N1e2 Nf6
11. O-O Bd6 12. Bf4 O-O 13. Bxd6 Qxd6 14. Rad1 Nbd7 15. Nc3 Qf4 16. Nce4 Rfe8 17. c4 Rad8 18. c5 Nxe4 19. Nxe4 Ne5 20. Qe2 Ng4
21. g3 Qf5 22. f3 Nf6 23. Nd6 Qh3 24. Nxe8 Nxe8 25. Qh2 Qxh2+ 26. Kxh2 g6 27. hxg6 fxg6 28. Rfe1 Kf7 29. g4 Ng7 30. Kg3 Rf8
31. b4 g5 32. a4 a6 33. Rd2 Rd8 34. Re4 h5 35. b5 hxg4 36. fxg4 Rb8 37. Rb2 cxb5 38. axb5 axb5 39. Rxb5 Ne8 40. Rb6 Ra8
41. Rxb7+ Kf6 42. Re3 Ra1 43. Rb6 Nc7 44. Rb2 Rg1+ 45. Kf3 Rf1+ 46. Kg2 Rf4 47. Rf3 Rxf3 48. Kxf3 e5 49. Rb6+ Ne6 50. d5
1-0

[Event "A tournament for new players only"]
[Site "SchemingMind.com"]
[Date "2004.07.20"]
[Round "-"]
[White "Gary"]
[Black "lea_dc"]
[Result "1/2-1/2"]
[WhiteCountry "ENG"]
[BlackCountry "ARG"]
[WhiteElo "1634"]
[WhiteRD "62"]
[BlackElo "1598"]
[BlackRD "95"]
[GameID "2978"]

1. c4 c5 2. Nf3 Nc6 3. Nc3 Nf6 4. g3 g6 5. Bg2 Bg7 6. O-O O-O 7. e3 d5 8. cxd5 Nxd5 9. d4 Bg4 10. Nxd5 Qxd5
11. h3 Bxf3 12. Bxf3 Qd6 13. d5 Ne5 14. Bg2 Rfd8 15. e4 Qb6 16. Rb1 e6 17. Bg5 Rd7 18. Be3 Nc4 19. Bc1 Rad8 20. b3 exd5
21. exd5 Nd6 22. Qc2 Nf5 23. Bg5 f6 24. Be3 Nxe3 25. fxe3 f5 26. Rfc1 c4 27. Re1 cxb3 28. Qxb3 Qd6 29. e4 fxe4 30. Rxe4 Kh8
31. Re6 Qc7 32. Rd1= Be5 33. g4 b6 34. Rf1 Qc3=
1/2-1/2

[Event "A tournament for new players only"]
[Site "SchemingMind.com"]
[Date "2004.08.15"]
[Round "-"]
[White "arifattar"]
[Black "lea_dc"]
[Result "0-1"]
[WhiteCountry "IND"]
[BlackCountry "ARG"]
[WhiteElo "1377"]
[WhiteRD "121"]
[BlackElo "1656"]
[BlackRD "103"]
[GameID "2979"]

1. e4 c5 2. d4 cxd4 3. Nf3 Nc6 4. Nxd4 Nf6 5. Nxc6 bxc6 6. Nc3 e5 7. f4 exf4 8. e5 Ng8 9. Bxf4 Bb4 10. Bc4 Ne7
11. O-O O-O 12. Rb1 Ng6 13. Bd3 Nxf4 14. Rxf4 Rb8 15. Bxh7+ Kxh7 16. Qh5+ Kg8 17. Rh4 Qxh4 18. Qxh4 Bxc3 19. b3 Bxe5 20. Qh5 Bf6
21. Re1 d5 22. Qf3 Be6 23. Qf4 c5 24. Qc7 Rfc8 25. Qa5 c4 26. h3 Bd8 27. Qa6 Bb6+ 28. Kh1 cxb3 29. cxb3 d4 30. Qd3 Rc3
0-1

[Event "A tournament for new players only"]
[Site "SchemingMind.com"]
[Date "2004.07.22"]
[Round "-"]
[White "willygor"]
[Black "Gary"]
[Result "1/2-1/2"]
[WhiteCountry "ARG"]
[BlackCountry "ENG"]
[WhiteElo "1590"]
[WhiteRD "114"]
[BlackElo "1634"]
[BlackRD "62"]
[GameID "2998"]

1. e4 c5 2. f4 d5 3. Bb5+ Bd7 4. Bxd7+ Qxd7 5. e5 e6 6. Nf3 Be7 7. O-O Nh6 8. d3 O-O 9. Nc3 Nc6 10. a3 a6
11. Bd2 b5 12. Qe2 Rab8 13. Rad1 a5 14. Be1 b4 15. axb4 axb4 16. Nb1 Nf5 17. g4 Nfd4 18. Qg2 f6 19. c3 bxc3 20. bxc3 Nb5
21. c4 Nc7 22. Nc3=
1/2-1/2

[Event "A tournament for new players only"]
[Site "SchemingMind.com"]
[Date "2004.07.22"]
[Round "-"]
[White "willygor"]
[Black "arifattar"]
[Result "1-0"]
[WhiteCountry "ARG"]
[BlackCountry "IND"]
[WhiteElo "1629"]
[WhiteRD "151"]
[BlackElo "1560"]
[BlackRD "175"]
[GameID "2999"]

1. e4 d5 2. exd5 Qxd5 3. Nf3 e5 4. Nc3 Qa5 5. Be2 Bd6 6. O-O Nf6 7. d3 h6 8. Bd2 c6 9. Ne4 Qc7 10. Nxf6+ gxf6
11. h3 Be6 12. c4 Nd7 13. b4 b6 14. Qc1 c5 15. b5 Rg8 16. Kh1 Rg6 17. Bxh6 Ke7 18. Nh4 Rxg2 19. Nxg2 Qb7 20. Qe3 Rg8
21. Rg1 e4 22. Bf4 Bxf4 23. Qxf4 Bxh3 24. Kh2 Rh8 25. Nh4 Ne5 26. Kxh3 Qd7+ 27. Kh2 exd3 28. Rad1 dxe2 29. Rxd7+ Kxd7 30. Kh3 Ke6
31. Re1 Rxh4+ 32. Qxh4
1-0

[Event "A tournament for new players only"]
[Site "SchemingMind.com"]
[Date "2004.07.22"]
[Round "-"]
[White "willygor"]
[Black "lea_dc"]
[Result "1/2-1/2"]
[WhiteCountry "ARG"]
[BlackCountry "ARG"]
[WhiteElo "1629"]
[WhiteRD "151"]
[BlackElo "1553"]
[BlackRD "129"]
[GameID "3000"]

1. e4 c5 2. f4 Nc6 3. Bb5 a6 4. Bxc6 bxc6 5. Nf3 Nf6 6. d3 d6 7. Nc3 Bg4 8. O-O e6 9. h3 Bxf3 10. Qxf3 Be7
11. e5 Nd5 12. f5 exf5 13. Nxd5 cxd5 14. Qxd5 dxe5 15. Qc6+ Kf8 16. Rxf5 g6 17. Rf1 Kg7 18. Bd2 Qd6 19. Qxd6 Bxd6 20. Rae1 f5
21. Bc3 Rhe8 22. g4 fxg4 23. hxg4 Re7 24. Re4 Rf8 25. Rfe1= Rfe8 26. Kg2=
1/2-1/2

[Event "A tournament for new players only"]
[Site "SchemingMind.com"]
[Date "2004.07.28"]
[Round "-"]
[White "Gary"]
[Black "willygor"]
[Result "1/2-1/2"]
[WhiteCountry "ENG"]
[BlackCountry "ARG"]
[WhiteElo "1634"]
[WhiteRD "62"]
[BlackElo "1590"]
[BlackRD "114"]
[GameID "3001"]

1. c4 e5 2. Nc3 Nf6 3. Nf3 Bb4 4. Qb3 Bxc3 5. Qxc3 d6 6. d3 Bg4 7. h3 Bxf3 8. exf3 Nc6 9. Be2 Nd4 10. Bd1 O-O
11. O-O Re8 12. Be3 c5= 13. b4 b6 14. a4 d5 15. a5 cxb4 16. Qxb4 bxa5=
1/2-1/2

[Event "A tournament for new players only"]
[Site "SchemingMind.com"]
[Date "2004.08.15"]
[Round "-"]
[White "arifattar"]
[Black "willygor"]
[Result "0-1"]
[WhiteCountry "IND"]
[BlackCountry "ARG"]
[WhiteElo "1377"]
[WhiteRD "121"]
[BlackElo "1611"]
[BlackRD "130"]
[GameID "3002"]

1. e4 e5 2. f4 exf4 3. Nf3 d6 4. Bc4 Bg4 5. O-O Nf6= 6. Nc3 Nc6 7. d4 Be7 8. Bxf4 O-O 9. Qe1 Bxf3 10. Rxf3 Nxd4
11. Rf2 a6 12. Rd1 Nc6 13. e5 Ne8 14. e6 Nf6 15. exf7+ Kh8 16. Bg5 Qc8 17. Qxe7 Nxe7 18. Rxf6 Qg4 19. Ne4 Qxd1+
0-1

[Event "A tournament for new players only"]
[Site "SchemingMind.com"]
[Date "2004.07.23"]
[Round "-"]
[White "squadri"]
[Black "Gary"]
[Result "1/2-1/2"]
[WhiteCountry "ARG"]
[BlackCountry "ENG"]
[WhiteElo "1913"]
[WhiteRD "99"]
[BlackElo "1692"]
[BlackRD "62"]
[GameID "3007"]

1. e4 c5 2. Nf3 d6 3. d4 cxd4 4. Nxd4 Nf6 5. Nc3 a6 6. Bg5 e5 7. Nb3 Be7 8. Qd2 O-O 9. O-O-O Nc6 10. h4 a5
11. a4 Be6 12. Kb1 Rc8 13. f3 Nd7 14. g4 Bxb3 15. cxb3 Nd4 16. Bxe7 Qxe7 17. Nb5 Nxb5 18. Bxb5 Nc5 19. Qxd6 Qxd6 20. Rxd6 Nxb3
21. Rd7 b6 22. Rhd1 Nd4 23. Rd6 Nxf3 24. Rxb6 Nxh4 25. Ra6 Ra8 26. Rd5 Ng6=
1/2-1/2

[Event "A tournament for new players only"]
[Site "SchemingMind.com"]
[Date "2004.07.23"]
[Round "-"]
[White "squadri"]
[Black "arifattar"]
[Result "1-0"]
[WhiteCountry "ARG"]
[BlackCountry "IND"]
[WhiteElo "1921"]
[WhiteRD "108"]
[BlackElo "1377"]
[BlackRD "121"]
[GameID "3008"]

1. c4 e6 2. d4 d5 3. Nc3 Nf6 4. Nf3 Bd6 5. e3 O-O 6. Bd3 c6 7. O-O Re8 8. e4 e5 9. dxe5 Bxe5 10. Nxe5 d4
11. Nxf7 Kxf7 12. Ne2 Nxe4 13. Bxe4 Bg4 14. f3 Bc8 15. Qxd4 Nd7 16. b3 Kg8 17. Bb2 Qf6 18. Qxf6 Nxf6 19. Bxf6 gxf6 20. Ng3 Kh8
21. Rad1 Rf8 22. Rfe1 f5 23. Bc2 Rf7 24. Rd8+ Kg7 25. Ree8
1-0

[Event "A tournament for new players only"]
[Site "SchemingMind.com"]
[Date "2004.07.23"]
[Round "-"]
[White "squadri"]
[Black "lea_dc"]
[Result "1-0"]
[WhiteCountry "ARG"]
[BlackCountry "ARG"]
[WhiteElo "1921"]
[WhiteRD "108"]
[BlackElo "1656"]
[BlackRD "103"]
[GameID "3009"]

1. d4 d5 2. c4 e6 3. Nc3 Nf6 4. e3 c5 5. a3 cxd4 6. exd4 dxc4 7. Bxc4 Be7 8. Nf3 O-O 9. O-O Nc6 10. Qd3 Na5
11. Ba2 Qb6 12. b4 Nc6 13. Be3 Qc7 14. Rac1 Bd7 15. b5 Nd8 16. Nd5 Qxc1 17. Nxe7+
1-0

[Event "A tournament for new players only"]
[Site "SchemingMind.com"]
[Date "2004.07.23"]
[Round "-"]
[White "squadri"]
[Black "willygor"]
[Result "1-0"]
[WhiteCountry "ARG"]
[BlackCountry "ARG"]
[WhiteElo "1931"]
[WhiteRD "99"]
[BlackElo "1590"]
[BlackRD "114"]
[GameID "3010"]

1. e4 e5 2. Nf3 Nc6 3. Bb5 d6 4. d4 Bd7 5. c3 a6 6. Ba4 b5 7. Bc2 Be7 8. O-O Nf6 9. Nbd2 O-O 10. Re1 Re8
11. h3 exd4 12. Nxd4 Bf8 13. N2f3 Ne5= 14. Nxe5 dxe5= 15. Nf3 Bc5= 16. Qe2 h6= 17. a4 b4= 18. Bd2 a5= 19. cxb4 Bb6= 20. bxa5 Bxa5
21. b4 Bb6 22. a5 Bd4 23. Nxd4 exd4 24. Qd3 Qb8 25. e5 Bb5 26. Qg3 Nd7 27. Bxh6 g6 28. Bxg6
1-0

[Event "A tournament for new players only"]
[Site "SchemingMind.com"]
[Date "2004.07.28"]
[Round "-"]
[White "Gary"]
[Black "squadri"]
[Result "0-1"]
[WhiteCountry "ENG"]
[BlackCountry "ARG"]
[WhiteElo "1634"]
[WhiteRD "62"]
[BlackElo "1931"]
[BlackRD "99"]
[GameID "3011"]

1. c4 e5 2. Nc3 Nc6 3. g3 g6 4. Bg2 Bg7 5. e3 d6 6. Nge2 Nh6 7. O-O O-O 8. d4 exd4 9. exd4 Re8 10. h3 Bd7
11. b3 Nf5 12. d5 Rxe2 13. Qxe2 Bxc3 14. dxc6 Bxa1 15. cxd7 Qxd7 16. Bxb7 Re8 17. Qf3 Qe6 18. Bd5 Nd4 19. Qg2 Qe2 20. Be3 Qxa2
21. Bxd4 Bxd4
0-1

[Event "A tournament for new players only"]
[Site "SchemingMind.com"]
[Date "2004.08.15"]
[Round "-"]
[White "arifattar"]
[Black "squadri"]
[Result "0-1"]
[WhiteCountry "IND"]
[BlackCountry "ARG"]
[WhiteElo "1382"]
[WhiteRD "120"]
[BlackElo "1913"]
[BlackRD "99"]
[GameID "3012"]

1. e4 e5 2. Nf3 Nc6 3. d4 exd4 4. Nxd4 Bc5 5. Be3 Qf6 6. c3 b6 7. Nxc6 Qxc6 8. Qf3 Bb7 9. Nd2 Bxe3 10. Qxe3 Nf6
11. O-O-O O-O-O 12. f3 Kb8 13. Bc4 d5 14. exd5 Nxd5 15. Bxd5 Rxd5 16. Qe7 Rd7 17. Qh4 Qg6 18. a3 Rhd8 19. Rhg1 Rd3 20. Nb3 Rxd1+
21. Rxd1 Rxd1+ 22. Kxd1 Qxg2 23. Qd8+ Bc8 24. Nd2 Qxh2 25. Qf8 Qg1+ 26. Kc2 Qg6+ 27. Kb3 h5
0-1

[Event "A tournament for new players only"]
[Site "SchemingMind.com"]
[Date "2004.07.23"]
[Round "-"]
[White "lea_dc"]
[Black "squadri"]
[Result "0-1"]
[WhiteCountry "ARG"]
[BlackCountry "ARG"]
[WhiteElo "1598"]
[WhiteRD "95"]
[BlackElo "1931"]
[BlackRD "99"]
[GameID "3013"]

1. e4 e5 2. Nf3 Nc6 3. Bb5 a6 4. Ba4 Nf6 5. O-O Be7 6. Re1 b5 7. Bb3 O-O 8. c3 d6 9. h3 Nb8 10. d4 Nbd7
11. a4 Bb7 12. Nbd2 c5 13. d5 c4 14. Bc2 Nc5 15. Nf1 Nfd7 16. Ng3 g6 17. Be3 Bf6 18. Bh6 Bg7 19. Qd2 Bxh6 20. Qxh6 Qf6
21. h4 Qg7 22. Qe3 Nf6 23. a5 Bc8 24. Ng5 h6 25. Nf3 Ng4 26. Qe2 Bd7 27. h5 Kh7 28. Nh2 Nxh2 29. Kxh2 Qf6 30. Rf1 Qg5
31. Rh1 Bg4 32. Qe1 gxh5 33. f3 Bd7 34. Kg1 Rg8
0-1

[Event "A tournament for new players only"]
[Site "SchemingMind.com"]
[Date "2004.07.23"]
[Round "-"]
[White "willygor"]
[Black "squadri"]
[Result "0-1"]
[WhiteCountry "ARG"]
[BlackCountry "ARG"]
[WhiteElo "1590"]
[WhiteRD "114"]
[BlackElo "1931"]
[BlackRD "99"]
[GameID "3014"]

1. e4 e5 2. Nf3 Nc6 3. Bb5 a6 4. Bxc6 dxc6 5. Nc3 Bg4 6. O-O Bd6 7. d3 Nf6 8. Bg5 Qe7 9. a3 h6 10. Bh4 g5
11. Bg3 O-O-O 12. h3 Bh5 13. Qe2 g4 14. hxg4 Bxg4 15. Qe3= Bc5 16. Qe2= Nh5 17. Bh4= Bxf3 18. Bxe7 Bxe2 19. Bxc5= Bxf1 20. Rxf1 Nf4
21. Be7 Rdg8 22. Bf6 Rxg2+ 23. Kh1 Rhg8 24. Bxe5 R2g4 25. Bxf4 Rxf4
0-1

[Event "A tournament for new players only"]
[Site "SchemingMind.com"]
[Date "2004.07.23"]
[Round "-"]
[White "fretless"]
[Black "Gary"]
[Result "1-0"]
[WhiteCountry "NOR"]
[BlackCountry "ENG"]
[WhiteElo "1968"]
[WhiteRD "101"]
[BlackElo "1606"]
[BlackRD "61"]
[GameID "3015"]

1. e4 c5 2. Nf3 d6 3. d4 cxd4 4. Nxd4 Nf6 5. Nc3 a6 6. Bg5 e5 7. Bxf6 Qxf6 8. Nd5 Qd8 9. Nf5 Bxf5 10. exf5 Nc6
11. c3 Be7 12. Qg4 O-O 13. Bd3 Rc8 14. f6 Bxf6 15. Qf5 e4 16. Bxe4 Re8 17. Qxh7+
1-0

[Event "A tournament for new players only"]
[Site "SchemingMind.com"]
[Date "2004.07.23"]
[Round "-"]
[White "fretless"]
[Black "squadri"]
[Result "1/2-1/2"]
[WhiteCountry "NOR"]
[BlackCountry "ARG"]
[WhiteElo "1915"]
[WhiteRD "108"]
[BlackElo "1866"]
[BlackRD "116"]
[GameID "3016"]

1. c4 e5 2. Nc3 Nc6 3. e4 Bc5 4. Nf3 d6 5. Be2 Nge7 6. O-O Ng6 7. d3 O-O 8. Bg5 f6 9. Bd2 Nd4 10. Nxd4 Bxd4
11. Bh5 Be6 12. Bxg6 hxg6 13. Ne2 Bb6 14. a4 a6 15. Qc2 f5 16. exf5 gxf5 17. Be3 Bxe3 18. fxe3 Qg5 19. Rf3 Rf6 20. Raf1 Raf8
21. Rg3 Qh6 22. Rh3 Qg5 23. d4 Rh6 24. Rg3 Qh5 25. Rh3 Qg5 26. Rg3=
1/2-1/2

[Event "A tournament for new players only"]
[Site "SchemingMind.com"]
[Date "2004.07.23"]
[Round "-"]
[White "fretless"]
[Black "arifattar"]
[Result "1-0"]
[WhiteCountry "NOR"]
[BlackCountry "IND"]
[WhiteElo "1915"]
[WhiteRD "108"]
[BlackElo "1560"]
[BlackRD "175"]
[GameID "3017"]

1. e4 e5 2. Nf3 Nc6 3. Bc4 b5 4. Bxb5 Nf6 5. Bxc6 dxc6 6. d3 Be7 7. Nxe5 Bb7 8. O-O O-O 9. Be3 Bd6 10. f4 g5
11. Qf3 Bxe5 12. fxe5 Nd7 13. Qf5 h6 14. e6 Qf6 15. Qxf6 Nxf6 16. Rxf6 Kg7 17. Bd4 fxe6 18. Rxe6+ Kf7 19. Rxh6 Ke8 20. Bc5 Rg8
21. Nc3 Kd7 22. Rf1 Rae8 23. Rf7+ Kc8 24. Rhh7
1-0

[Event "A tournament for new players only"]
[Site "SchemingMind.com"]
[Date "2004.07.23"]
[Round "-"]
[White "fretless"]
[Black "lea_dc"]
[Result "1-0"]
[WhiteCountry "NOR"]
[BlackCountry "ARG"]
[WhiteElo "1915"]
[WhiteRD "108"]
[BlackElo "1553"]
[BlackRD "129"]
[GameID "3018"]

1. c4 c5 2. Nc3 Nc6 3. Nf3 Nf6 4. d4 cxd4 5. Nxd4 g6 6. e4 d6 7. Nxc6 bxc6 8. Be2 Bg7 9. Qc2 O-O 10. O-O Bb7
11. f3 c5 12. Bd2 Qc7 13. f4 Rad8 14. Bf3 e6 15. Rad1 Rfe8 16. f5 exf5 17. exf5 d5 18. Bg5 dxc4 19. Rxd8 Rxd8 20. Bxb7 Qxb7
21. fxg6 hxg6 22. Bxf6 Bxf6 23. Rxf6 Qe7 24. Rf2 Qe3 25. Qe2 Qd4 26. Qf3 Rd7 27. Ne4 f5 28. Nc3 Kg7 29. g3 Re7 30. Kg2 Re3
31. Qb7+ Kh6 32. Rf4 Qd2+ 33. Kh3 Kg5 34. Qh7 Kf6 35. Qh8+ Kf7 36. Rh4 Qe1 37. Rh7+ Ke6 38. Qe8+ Kd6 39. Qd7+ Ke5 40. Qe7+
1-0

[Event "A tournament for new players only"]
[Site "SchemingMind.com"]
[Date "2004.07.23"]
[Round "-"]
[White "fretless"]
[Black "willygor"]
[Result "1-0"]
[WhiteCountry "NOR"]
[BlackCountry "ARG"]
[WhiteElo "1968"]
[WhiteRD "101"]
[BlackElo "1611"]
[BlackRD "130"]
[GameID "3019"]

1. e4 e5 2. Nf3 Nc6 3. Bc4 h6 4. Nc3 Nf6 5. d4 exd4 6. Nxd4 Ne5 7. Bd3 Bb4 8. O-O Bc5 9. Nb3 Bb6 10. Nd5 Nxd5
11. exd5 O-O 12. c4 d6 13. Be3 Bd7 14. Bxb6 axb6 15. f4 Nxd3 16. Qxd3 Qf6 17. Qd4 Qg6 18. Rf3 f5 19. Nc1 Rae8 20. Qc3 Re4
21. Nd3 Rfe8 22. Rg3 Qf7 23. a4 Re3 24. Rxe3 Rxe3 25. b3 Qe8 26. Re1 Qe4 27. Qd2 Qxd3 28. Qxe3 Qxe3+= 29. Rxe3 Kf7= 30. Kf2 Kf6
31. g3 g6 32. Rd3 g5 33. h3 g4 34. hxg4 fxg4 35. Ke3 h5 36. Kd4 Kf5 37. Rd1 h4 38. gxh4 Kxf4 39. Rf1+ Kg3 40. h5 Be8
41. h6 Bg6 42. Ke3 Kg2 43. Rf7 g3 44. h7 Bxf7 45. h8=Q Bg6 46. Qb2+ Kh1 47. Kf3
1-0

[Event "A tournament for new players only"]
[Site "SchemingMind.com"]
[Date "2004.07.28"]
[Round "-"]
[White "Gary"]
[Black "fretless"]
[Result "0-1"]
[WhiteCountry "ENG"]
[BlackCountry "NOR"]
[WhiteElo "1606"]
[WhiteRD "61"]
[BlackElo "1968"]
[BlackRD "101"]
[GameID "3020"]

1. c4 Nf6 2. Nc3 e6 3. Nf3 Bb4 4. Qb3 Nc6 5. a3 Bxc3 6. Qxc3 d5 7. e3 O-O 8. d4 Bd7 9. Bd3 dxc4 10. Qxc4 a5
11. O-O a4 12. Bd2 Na5 13. Bxa5 Rxa5 14. Rac1 c5 15. Rfd1 Bb5 16. Qc2 Bxd3 17. Qxd3 Qb6 18. Rc2 cxd4 19. Qxd4 Rd5
0-1

[Event "A tournament for new players only"]
[Site "SchemingMind.com"]
[Date "2004.07.24"]
[Round "-"]
[White "squadri"]
[Black "fretless"]
[Result "0-1"]
[WhiteCountry "ARG"]
[BlackCountry "NOR"]
[WhiteElo "1891"]
[WhiteRD "101"]
[BlackElo "1962"]
[BlackRD "93"]
[GameID "3021"]

1. e4 c5 2. Nf3 d6 3. d4 cxd4 4. Nxd4 Nf6 5. Nc3 g6 6. Bg5 Bg7 7. Qd2 Bd7 8. f4 Nc6 9. Nb3 O-O 10. Be2 Rc8
11. O-O h6 12. Bh4 Ng4 13. h3 Nf6 14. Rad1 Be6 15. f5 Bxb3 16. axb3 g5 17. Bg3 Nd7 18. h4 Bd4+ 19. Kh1 Nf6 20. Bd3 gxh4
21. Bxh4 Kh7 22. Nd5 Rg8 23. Rf3 Be5 24. Rh3 Qf8 25. Nxf6+ Bxf6 26. Bxf6 exf6 27. Bc4 Ne5 28. Bd5 Rc7 29. c3 Qg7 30. b4 Qg5
31. Qxg5 fxg5 32. Bb3 Rd8 33. Re3 h5 34. Re2 Kg7 35. Red2 Ng4 36. Kg1 Re8 37. Rd4 Nf6 38. Bc2 Ree7 39. Kf2 Rc8 40. Ra1 a6
41. Kf3 Rce8 42. c4 Re5 43. Ra5 Rc8 44. b3 Rc6 45. Ra1 h4 46. Rad1 Ne8 47. Rd5 Rxd5 48. Rxd5 Nf6 49. Rd1 Nd7 50. Rd5 Ne5+
51. Ke3 f6 52. b5 axb5 53. Rxb5 b6 54. Bd1 Kf8 55. Be2 Ke7 56. Rb4 Kd7 57. Ra4 Rc7 58. Ra8 Rc8 59. Rxc8 Kxc8 60. Kd4 Kc7
61. Kd5 Kd7 62. b4 Nc6 63. b5 Nb4+ 64. Kd4 Nc2+ 65. Kc3 Ne3 66. Bf3 g4 67. Be2 h3 68. gxh3 gxh3 69. Bf3 h2 70. Kd3 Ng4
71. Ke2 Ne5 72. Bg2 Nxc4 73. Kf2 Na3 74. Kg3 Nxb5 75. Kxh2 Nc3 76. Kg3 b5 77. Bf1 Nxe4+ 78. Kf4 Nc3 79. Ke3 b4 80. Kd3 d5
81. Kc2 Kc6 82. Bd3 Ne4 83. Kb2 Nc5 84. Be2 Kd6 85. Bd1 d4 86. Be2 Ke5 87. Bg4 d3 88. Bh3 Kf4
0-1

[Event "A tournament for new players only"]
[Site "SchemingMind.com"]
[Date "2004.07.23"]
[Round "-"]
[White "lea_dc"]
[Black "fretless"]
[Result "0-1"]
[WhiteCountry "ARG"]
[BlackCountry "NOR"]
[WhiteElo "1600"]
[WhiteRD "230"]
[BlackElo "1823"]
[BlackRD "134"]
[GameID "3023"]

1. e4 c5 2. Nf3 d6 3. d4 cxd4 4. Nxd4 Nf6 5. Nc3 g6 6. Bb5+ Bd7 7. O-O Bg7 8. Be3 O-O 9. Bxd7 Nbxd7 10. f3 Rc8
11. Qd2 Nb6 12. Bf2 d5 13. exd5 Nfxd5 14. Ne4 Nc4 15. b3 Nxd2 16. Nxd2 Nc3
0-1

[Event "A tournament for new players only"]
[Site "SchemingMind.com"]
[Date "2004.07.23"]
[Round "-"]
[White "willygor"]
[Black "fretless"]
[Result "0-1"]
[WhiteCountry "ARG"]
[BlackCountry "NOR"]
[WhiteElo "1611"]
[WhiteRD "130"]
[BlackElo "1968"]
[BlackRD "101"]
[GameID "3024"]

1. e4 c5 2. f4 d5 3. Bb5+ Nc6 4. e5 e6 5. Nf3 Bd7 6. d3 Qa5+ 7. Nc3 d4 8. Bxc6 Bxc6 9. Bd2 dxc3 10. bxc3 g6
11. O-O Bg7 12. c4 Qc7 13. c3 Ne7 14. Qe2 O-O 15. Rfd1 Nf5 16. Qf2 b6 17. g4 Nh6 18. h3 Rad8 19. Be3 f6 20. d4 Bxf3
21. Qxf3 fxe5 22. f5 exf5 23. g5 Nf7 24. h4 exd4 25. Bf4 Be5 26. Bd2 dxc3 27. Bxc3 Bxc3 28. Qxc3 Qf4 29. Rxd8 Qg4+ 30. Kf1= Rxd8
31. Re1= Qf4+ 32. Kg2 Rd2+
0-1

[Event "A tournament for new players only"]
[Site "SchemingMind.com"]
[Date "2004.07.25"]
[Round "-"]
[White "alejandro83"]
[Black "Gary"]
[Result "1-0"]
[WhiteCountry "ARG"]
[BlackCountry "ENG"]
[WhiteElo "1601"]
[WhiteRD "80"]
[BlackElo "1606"]
[BlackRD "61"]
[GameID "3053"]

1. e4 c5 2. Nf3 d6 3. d4 cxd4 4. Nxd4 Nf6 5. Nc3 a6 6. Bg5 e5 7. Nb3 Be7 8. Qd2 O-O 9. O-O-O Ne8 10. Bxe7 Qxe7
11. Be2 Be6 12. Rdg1 Nc6 13. g4 Rd8 14. h4 Bxb3 15. axb3 Nd4 16. Nd5 Qe6 17. h5 Nf6 18. Nc7 Qd7 19. Nd5 Nxe4 20. Qe3 Nc5
21. h6 Nxe2+ 22. Qxe2 Qb5 23. Qf3 e4 24. Qf5
1-0

[Event "A tournament for new players only"]
[Site "SchemingMind.com"]
[Date "2004.07.25"]
[Round "-"]
[White "alejandro83"]
[Black "squadri"]
[Result "0-1"]
[WhiteCountry "ARG"]
[BlackCountry "ARG"]
[WhiteElo "1601"]
[WhiteRD "80"]
[BlackElo "1921"]
[BlackRD "108"]
[GameID "3054"]

1. e4 c5 2. Nf3 d6 3. d4 cxd4 4. Nxd4 Nf6 5. Nc3 g6 6. Be3 Bg7 7. Qd2 O-O 8. f3 Nc6 9. O-O-O d5 10. Bh6 Bxh6
11. Qxh6 Nxd4 12. Rxd4 e5 13. Rd2 d4 14. h4 Qa5 15. Nb1 Qxa2 16. h5 Bd7 17. Qg5 Qe6 18. g4 Rac8 19. hxg6 fxg6 20. Qh6 b5
21. g5 Nh5 22. Bxb5 Rxf3 23. Bxd7 Qxd7 24. Rg2 d3 25. Nc3 Qf7 26. Rxh5 Rf1+
0-1

[Event "A tournament for new players only"]
[Site "SchemingMind.com"]
[Date "2004.07.25"]
[Round "-"]
[White "alejandro83"]
[Black "arifattar"]
[Result "0-1"]
[WhiteCountry "ARG"]
[BlackCountry "IND"]
[WhiteElo "1580"]
[WhiteRD "81"]
[BlackElo "1560"]
[BlackRD "175"]
[GameID "3055"]

1. Nf3 Nc6 2. e4 e5 3. Bb5 a6 4. Ba4 Nf6 5. O-O Be7 6. Re1 b5 7. Bb3 O-O 8. c3 d5 9. exd5 Na5 10. Bc2 Nxd5
11. Rxe5 Bd6 12. Bxh7+ Kxh7 13. Rh5+ Kg8 14. Ng5 Bf5 15. d4 Nf6 16. Nxf7 Rxf7 17. Rxf5 g6 18. Rf3 Bxh2+ 19. Kxh2 Ng4+ 20. Kg1 Qh4
21. Rh3 Qxf2+
0-1